000 00674nam a2200217Ia 4500
003 OSt
005 20220925224911.0
006 a|||||r|||| 00| 0
007 ta
008 220923b |||||||| |||| 00| 0 eng d
037 _cGeneral Book
040 _aRTL
_cRTL
_beng
041 _2eng
_aeng
082 _aX.1(X).N8, M9/SC
100 _aKITCHING Gavin
245 0 _aDevelopment and underdevelopment in historical perspective
_b populism, nationalism and industrialization.
260 _aLondon
_bRoutledge Publications
_c1989
300 _aix,209p.
_ccm.
942 _hX.1(X).N8, M9/SC
_cGB
_2CC
999 _c582516
_d582516